Phân tích tác động của tính vị chủng đến quyết định mua thiết bị điện, điện tử thương hiệu Việt của người tiêu dùng trên địa bàn tỉnh Vĩnh Long : Luận văn Thạc sĩ Kinh tế. Chuyên ngành Quản trị kinh doanh

Đề tài phân tích thực trạng tiêu dùng thiết bị điện, điện tử thương hiệu Việt trên địa bàn, các nhân tố ảnh hưởng đến quyết định mua thiết bị điện, điện tử thương hiệu Việt và đánh giá vai trò của tính vị chủng trong quyết định mua h...

全面介绍

Đã lưu trong:
书目详细资料
主要作者: Hồ, Thị Thảo Vy
格式: 图书
语言:Undetermined
出版: Cần Thơ Trường Đại học Cần Thơ 2015
主题:
标签: 添加标签
没有标签, 成为第一个标记此记录!
Thư viện lưu trữ: Trung tâm Học liệu Trường Đại học Cần Thơ
LEADER 01319nam a2200205Ia 4500
001 CTU_203869
008 210402s9999 xx 000 0 und d
082 |a 658.834 
082 |b V600 
100 |a Hồ, Thị Thảo Vy 
245 0 |a Phân tích tác động của tính vị chủng đến quyết định mua thiết bị điện, điện tử thương hiệu Việt của người tiêu dùng trên địa bàn tỉnh Vĩnh Long : 
245 0 |b Luận văn Thạc sĩ Kinh tế. Chuyên ngành Quản trị kinh doanh 
245 0 |c Hồ Thị Thảo Vy ; Lê Nguyễn Đoan Khôi (Cán bộ hướng dẫn) 
260 |a Cần Thơ 
260 |b Trường Đại học Cần Thơ 
260 |c 2015 
520 |a Đề tài phân tích thực trạng tiêu dùng thiết bị điện, điện tử thương hiệu Việt trên địa bàn, các nhân tố ảnh hưởng đến quyết định mua thiết bị điện, điện tử thương hiệu Việt và đánh giá vai trò của tính vị chủng trong quyết định mua hàng. 
650 |a Hành vi người tiêu dùng,Consumer behavior 
904 |i Hải 
980 |a Trung tâm Học liệu Trường Đại học Cần Thơ